| 000 | 00365nam a22001457a 4500 | ||
|---|---|---|---|
| 020 | _a0471065242 | ||
| 082 | _a657.45 BRI | ||
| 100 | _aBrink, Victer Z | ||
| 245 | _aModern Internation Auditing: An Operational Approach | ||
| 250 | _a3rd ed. | ||
| 260 |
_aUAS _bWiley John and Sons |
||
| 300 |
_a795 _bcm 22.5 |
||
| 500 | _ainclude,index and apendex | ||
| 942 | _cBK | ||
| 999 |
_c18673 _d18673 |
||